[Event "DEN-ch sf5"]
[Site "Svendborg"]
[Date "2024.03.29"]
[Round "3"]
[White "Langer, Peter"]
[Black "Nielsen, Angelo"]
[Result "1-0"]
[WhiteElo "1733"]
[BlackElo "1767"]
[PlyCount "93"]
[EventDate "2024.03.29"]
[EventType "swiss"]
[EventRounds "7"]
[EventCountry "DEN"]
[SourceTitle "CBM 219 Extra"]
[Source "ChessBase"]
[SourceDate "2024.05.31"]
[SourceVersion "1"]
[SourceVersionDate "2024.05.31"]
[SourceQuality "1"]

1. d4 g6 2. Bf4 d6 3. Nf3 Bg7 4. c3 Nf6 5. h3 0-0 6. e3 Nbd7 7. Bc4 c5 8. Nbd2 d5 9. Bd3 Nh5 10. Bh2 c4 11. Bc2 f5 12. Ng5 Nb6 13. 0-0 e6 14. f4 Nf6 15. b3 h6 16. Ngf3 Ne4 17. Nxe4 fxe4 18. Ne5 Bxe5 19. fxe5 Bd7 20. Qg4 Qg5 21. Qxg5 hxg5 22. Rf6 Rxf6 23. exf6 Kf7 24. Be5 a5 25. Rb1 Bc6 26. Kf2 Nd7 27. Kg3 Nf8 28. Rf1 Bb5 29. bxc4 Bxc4 30. Rb1 b5 31. a4 b4 32. cxb4 axb4 33. Rxb4 Ra7 34. Bxe4 Nd7 35. Bc2 Nxf6 36. Bd6 Ba6 37. Rb8 Rd7 38. Be5 Rb7 39. Ra8 Bc4 40. Bd6 Rd7 41. Bc5 Rb7 42. a5 Nd7 43. Ba4 Nb8 44. Bd6 Na6 45. Be8+ Kg7 46. Be5+ Kf8 47. Bc6+ 1-0

[Event "Hillerod-ch C"]
[Site "Hillerod"]
[Date "2022.05.15"]
[Round "2"]
[White "Langer, Peter"]
[Black "Jarulf, Birger"]
[Result "0-1"]
[WhiteElo "1562"]
[BlackElo "1709"]
[PlyCount "120"]
[EventDate "2022.05.15"]
[EventType "tourn"]
[EventRounds "5"]
[EventCountry "DEN"]
[SourceTitle "EXT 2024"]
[Source "ChessBase"]
[SourceDate "2023.10.10"]
[SourceVersion "1"]
[SourceVersionDate "2023.10.10"]
[SourceQuality "1"]

1. d4 e6 2. Bf4 d5 3. e3 c5 4. c3 Nc6 5. Nf3 Qb6 6. Qc2 Bd7 7. Be2 Rc8 8. Qd2 Nf6 9. b3 Ne4 10. Qd1 cxd4 11. exd4 Na5 12. Bd2 Be7 13. 0-0 0-0 14. Ne5 Bb5 15. Re1 f6 16. Nd3 Qa6 17. Nb4 Bxb4 18. Bxb5 Qxb5 19. cxb4 Nc6 20. a4 Qb6 21. a5 Qxd4 22. Rxe4 Qxe4 23. b5 Ne5 24. Nc3 Qd3 25. Qe1 Rfe8 26. Rd1 Qg6 27. Kh1 d4 28. Ne4 Nf7 29. Bb4 e5 30. Bc5 a6 31. bxa6 bxa6 32. b4 f5 33. Ng3 Ng5 34. Qe2 Nf7 35. Bb6 Ra8 36. Qc4 f4 37. Ne2 Qe6 38. Qc1 Nd6 39. Re1 Qd7 40. f3 Rac8 41. Bc5 Nb7 42. Qc4+ Kh8 43. Rc1 Nxc5 44. bxc5 Qc6 45. Qc2 g6 46. Ng1 Rb8 47. Nh3 h6 48. Nf2 Rb5 49. Ng4 h5 50. Nf2 Re6 51. Ne4 Kg7 52. Ng5 Re7 53. Qc4 Rxa5 54. Re1 Rxc5 55. Qb3 Rc1 56. Qb4 Rc7 57. h4 Rxe1+ 58. Qxe1 Qc1 59. Ne6+ Kf6 60. Qxc1 Rxc1+ 0-1

[Event "Hillerod CC-chC"]
[Site "Hillerod"]
[Date "2020.10.27"]
[Round "6"]
[White "Jahic, Afan"]
[Black "Langer, Peter"]
[Result "1-0"]
[WhiteElo "1353"]
[BlackElo "1501"]
[PlyCount "49"]
[EventDate "2020.09.15"]
[EventType "swiss"]
[EventRounds "7"]
[EventCountry "DEN"]
[SourceTitle "EXT 2024"]
[Source "ChessBase"]
[SourceDate "2023.10.10"]
[SourceVersion "1"]
[SourceVersionDate "2023.10.10"]
[SourceQuality "1"]

1. e4 e6 2. d4 c5 3. Nf3 d6 4. dxc5 Qa5+ 5. Nc3 dxc5 6. Bb5+ Bd7 7. Bxd7+ Nxd7 8. Be3 Ngf6 9. Qd2 Be7 10. 0-0-0 b5 11. Kb1 b4 12. Ne2 Nxe4 13. Qxd7+ Kf8 14. Qc6 Rb8 15. Qxe4 b3 16. cxb3 Qb5 17. Qc4 Qc6 18. Ne5 Qxg2 19. Nd7+ Ke8 20. Nxb8 Qg6+ 21. Qd3 f5 22. Rdg1 Qf6 23. Bg5 Qe5 24. Qd7+ Kf7 25. Qxe7+ 1-0

[Event "DSOL 08 Liga Gr-D 1st"]
[Site "Playchess.com INT"]
[Date "2020.07.10"]
[Round "3.4"]
[White "Fecken, Marcus"]
[Black "Langer, Peter"]
[Result "1-0"]
[WhiteElo "1000"]
[BlackElo "995"]
[PlyCount "79"]
[EventDate "2020.06.22"]
[EventType "team-tourn (rapid)"]
[EventCountry "GER"]
[SourceTitle "EXT 2021"]
[Source "ChessBase"]
[SourceDate "2020.10.23"]
[SourceVersion "1"]
[SourceVersionDate "2020.10.23"]
[SourceQuality "1"]
[WhiteTeam "Bickenbach III"]
[BlackTeam "Noerdlingen"]
[WhiteTeamCountry "GER"]
[BlackTeamCountry "GER"]

1. e4 e5 2. Nf3 Nc6 3. Bc4 Nf6 4. d3 Bc5 5. 0-0 0-0 6. c3 d6 7. h3 h6 8. a4 a6 9. Nbd2 Be6 10. b4 Bb6 11. Bb2 d5 12. exd5 Bxd5 13. Re1 Re8 14. b5 axb5 15. axb5 Rxa1 16. Bxa1 Na5 17. Bxd5 Qxd5 18. Qb1 c5 19. bxc6 Qxc6 20. Nxe5 Rxe5 21. Rxe5 Qd6 22. d4 Bc7 23. Ne4 Nxe4 24. Qxe4 f6 25. Re8+ Kf7 26. g3 Nb3 27. Bb2 Nd2 28. Qe2 Nc4 29. Ra8 Qe6 30. Rf8+ Kxf8 31. Qxe6 Nxb2 32. Qc8+ Kf7 33. Qxc7+ Kg6 34. Qxb7 h5 35. Qxb2 Kg5 36. Qd2+ Kg6 37. d5 f5 38. d6 f4 39. gxf4 h4 40. d7 1-0

[Event "Hillerod CC-ch Grp 2"]
[Site "Hillerod"]
[Date "2019.12.10"]
[Round "2"]
[White "Langer, Peter"]
[Black "Eliasen, Rune"]
[Result "1/2-1/2"]
[WhiteElo "1516"]
[BlackElo "1687"]
[PlyCount "55"]
[EventDate "2019.12.10"]
[EventType "swiss"]
[EventRounds "7"]
[EventCountry "DEN"]
[SourceTitle "EXT 2024"]
[Source "ChessBase"]
[SourceDate "2023.10.10"]
[SourceVersion "1"]
[SourceVersionDate "2023.10.10"]
[SourceQuality "1"]

1. d4 Nf6 2. Bf4 g6 3. e3 Bg7 4. Bd3 d6 5. h3 0-0 6. Nf3 c5 7. c3 Qb6 8. Qc2 Nc6 9. 0-0 Be6 10. Nbd2 cxd4 11. exd4 Rac8 12. a3 Nh5 13. Be3 Qc7 14. Ne4 Bd5 15. Qd2 Nf6 16. Nxf6+ exf6 17. Nh2 Na5 18. Rae1 Nc4 19. Qc2 Nxe3 20. Rxe3 Bh6 21. Re2 Rfe8 22. Ng4 Bg7 23. Ne3 Be6 24. Bb5 Red8 25. Rfe1 a6 26. Ba4 b5 27. Bb3 Bxb3 28. Qxb3 1/2-1/2

[Event "Hillerod Vinhuset Stoltz op"]
[Site "Hillerod"]
[Date "2019.10.08"]
[Round "5"]
[White "Christoffersen, Micki Aron"]
[Black "Langer, Peter"]
[Result "0-1"]
[WhiteElo "1377"]
[BlackElo "1516"]
[PlyCount "32"]
[EventDate "2019.09.24"]
[EventType "swiss"]
[EventRounds "7"]
[EventCountry "DEN"]
[SourceTitle "EXT 2021"]
[Source "ChessBase"]
[SourceDate "2020.10.23"]
[SourceVersion "1"]
[SourceVersionDate "2020.10.23"]
[SourceQuality "1"]

1. d4 Nf6 2. Nf3 d5 3. c3 e6 4. Nbd2 Bd6 5. Qc2 Nbd7 6. e4 dxe4 7. Nxe4 Nxe4 8. Qxe4 Nf6 9. Qc2 0-0 10. Bd3 h6 11. 0-0 b6 12. b4 Bb7 13. Ne5 Bxe5 14. dxe5 Qd5 15. f3 Qxe5 16. Re1 Qxe1+ 0-1

[Event "Hillerod Vinhuset Stoltz op"]
[Site "Hillerod"]
[Date "2019.10.01"]
[Round "4"]
[White "Langer, Peter"]
[Black "Pedersen, Carsten1"]
[Result "0-1"]
[WhiteElo "1516"]
[BlackElo "1933"]
[PlyCount "88"]
[EventDate "2019.09.24"]
[EventType "swiss"]
[EventRounds "7"]
[EventCountry "DEN"]
[SourceTitle "EXT 2021"]
[Source "ChessBase"]
[SourceDate "2020.10.23"]
[SourceVersion "1"]
[SourceVersionDate "2020.10.23"]
[SourceQuality "1"]

1. d4 d5 2. Bf4 c5 3. e3 cxd4 4. exd4 Nc6 5. c3 Nf6 6. Bd3 Bg4 7. Nf3 Rc8 8. Nbd2 e6 9. Qb3 Bd6 10. Bg5 Qc7 11. Bxf6 gxf6 12. Qc2 Ke7 13. h3 Bh5 14. a3 Bf4 15. 0-0-0 Qb6 16. g4 Bg6 17. Kb1 Bd6 18. Bxg6 hxg6 19. Nb3 a5 20. Ka1 a4 21. Nc1 Qa7 22. Qd3 Na5 23. Nd2 Rc7 24. Rhe1 Rhc8 25. Qb5 Nc4 26. Nxc4 dxc4 27. Qd5 Rd7 28. Qe4 g5 29. d5 e5 30. Qf5 Rh8 31. Re3 Bc5 32. Rf3 Rd6 33. Re1 Re8 34. Ne2 Qb6 35. Qe4 Red8 36. Ng3 Rxd5 37. Nf5+ Kf8 38. Ne3 Bxe3 39. Qxc4 Rd1+ 40. Rxd1 Rxd1+ 41. Ka2 Rd2 42. Qb4+ Qxb4 43. axb4 Bf4 44. Ka3 e4 0-1

[Event "DEN-ch Kort 1-3"]
[Site "Svendborg"]
[Date "2019.04.14"]
[Round "2"]
[White "Langer, Peter"]
[Black "Zander, Emil"]
[Result "1-0"]
[WhiteElo "1565"]
[BlackElo "1422"]
[PlyCount "77"]
[EventDate "2019.04.13"]
[EventType "swiss"]
[EventRounds "5"]
[EventCountry "DEN"]
[SourceTitle "EXT 2023"]
[Source "ChessBase"]
[SourceDate "2022.10.05"]
[SourceVersion "1"]
[SourceVersionDate "2022.10.05"]
[SourceQuality "1"]

1. d4 Nf6 2. Bf4 g6 3. e3 Bg7 4. Bd3 c6 5. c3 d5 6. h3 0-0 7. Nf3 Nbd7 8. Nbd2 Re8 9. 0-0 Nh5 10. Bh2 e5 11. dxe5 Nxe5 12. Be2 Nxf3+ 13. Nxf3 Nf6 14. Qb3 Ne4 15. Rad1 Qe7 16. Nd4 c5 17. Nb5 a6 18. Nc7 Be6 19. Nxa8 Rxa8 20. Qc2 Bf5 21. Qb3 Be6 22. c4 dxc4 23. Bxc4 Bxc4 24. Qxc4 b5 25. Qd5 Re8 26. Qb3 c4 27. Qc2 Qa7 28. Rd5 Nc5 29. b3 c3 30. Rfd1 Ne6 31. Be5 Bxe5 32. Rxe5 b4 33. Red5 Qb7 34. Ra5 Qb6 35. Rad5 Nc5 36. Rd6 Qc7 37. R1d4 Ne4 38. Rxa6 Qb7 39. Ra4 1-0

[Event "DEN-ch Kort 1-3"]
[Site "Svendborg"]
[Date "2019.04.13"]
[Round "1"]
[White "Radovic, Slobodan"]
[Black "Langer, Peter"]
[Result "1-0"]
[WhiteElo "1552"]
[BlackElo "1565"]
[PlyCount "123"]
[EventDate "2019.04.13"]
[EventType "swiss"]
[EventRounds "5"]
[EventCountry "DEN"]
[SourceTitle "EXT 2023"]
[Source "ChessBase"]
[SourceDate "2022.10.05"]
[SourceVersion "1"]
[SourceVersionDate "2022.10.05"]
[SourceQuality "1"]

1. e4 c5 2. Nc3 d6 3. d3 e6 4. f4 Nc6 5. Nf3 Be7 6. g3 Nf6 7. Bg2 Qb6 8. Ne2 Bd7 9. c3 Rc8 10. Rb1 a5 11. h3 Na7 12. Be3 Qa6 13. 0-0 c4 14. Ne1 cxd3 15. Nd4 Nc6 16. Qxd3 Qxd3 17. Nxd3 Nxd4 18. Bxd4 Bc6 19. e5 Ne4 20. exd6 Bxd6 21. Bxe4 Bxe4 22. Rbd1 0-0 23. Nf2 Bd5 24. Bb6 Bc7 25. Bxc7 Rxc7 26. a3 b5 27. Rd4 f6 28. Rfd1 Rc4 29. R1d2 Rxd4 30. Rxd4 f5 31. Nd3 Rc8 32. Kf2 Rc7 33. h4 g6 34. Ke3 Kf8 35. Ne5 a4 36. Rd1 Ke7 37. Rd2 Kf6 38. Rd4 Bc4 39. Rd8 Ke7 40. Rh8 Kf6 41. Rd8 Ke7 42. Rb8 Bf1 43. Kf2 Bc4 44. Nxc4 bxc4 45. Rb4 Kd6 46. Rxa4 e5 47. Rb4 exf4 48. gxf4 Kd5 49. Kf3 h5 50. Rb5+ Kc6 51. Re5 Rb7 52. Re2 Kd5 53. a4 Ra7 54. a5 Kd6 55. Re5 Ra6 56. Ke3 Rc6 57. Rb5 Rc8 58. Kd4 Ke6 59. Rb6+ Kf7 60. a6 Rd8+ 61. Kxc4 Rc8+ 62. Kb5 1-0

[Event "Hillerod CC-ch C"]
[Site "Hillerod"]
[Date "2019.04.02"]
[Round "7"]
[White "Langer, Peter"]
[Black "Szymanski, Michael"]
[Result "1-0"]
[WhiteElo "1602"]
[BlackElo "1529"]
[PlyCount "93"]
[EventDate "2019.01.08"]
[EventType "tourn"]
[EventRounds "7"]
[EventCountry "DEN"]
[SourceTitle "EXT 2024"]
[Source "ChessBase"]
[SourceDate "2023.10.10"]
[SourceVersion "1"]
[SourceVersionDate "2023.10.10"]
[SourceQuality "1"]

1. d4 d5 2. Bf4 Nf6 3. e3 c5 4. c3 Qb6 5. Qb3 c4 6. Qxb6 axb6 7. Nf3 b5 8. Nbd2 Nc6 9. Be2 b4 10. 0-0 e6 11. Ne5 Nxe5 12. dxe5 Nd7 13. e4 bxc3 14. bxc3 Nc5 15. exd5 exd5 16. Bf3 Nd3 17. Bg3 Be6 18. Rfb1 Ra7 19. Rb5 Ba3 20. Bxd5 0-0 21. Bxc4 Bb2 22. Rb1 Bxc4 23. Nxc4 Bxc3 24. R5b3 Nxe5 25. Nxe5 Bxe5 26. Bxe5 Rxa2 27. Rxb7 h6 28. h3 Re8 29. Rb8 Rxb8 30. Rxb8+ Kh7 31. g4 Re2 32. Bd4 Re4 33. Be3 Re6 34. Kg2 Kg6 35. Rb6 Rxb6 36. Bxb6 f5 37. f4 fxg4 38. hxg4 h5 39. gxh5+ Kxh5 40. Kg3 Kg6 41. Kg4 Kf6 42. Bd4+ Kg6 43. Be5 Kf7 44. Kg5 Kg8 45. Kg6 Kh8 46. Bxg7+ Kg8 47. Bh6 1-0

[Event "HK-chT 1819 Series C"]
[Site "Denmark"]
[Date "2019.03.03"]
[Round "5"]
[White "Langer, Peter"]
[Black "Orup, Kim"]
[Result "1/2-1/2"]
[WhiteElo "1574"]
[BlackElo "1565"]
[PlyCount "57"]
[EventDate "2018.10.30"]
[EventType "team-tourn"]
[EventRounds "5"]
[EventCountry "DEN"]
[SourceTitle "EXT 2025"]
[Source "ChessBase"]
[SourceDate "2024.10.14"]
[SourceVersion "1"]
[SourceVersionDate "2024.10.14"]
[SourceQuality "1"]
[WhiteTeam "Hillerod V"]
[BlackTeam "Solrod II"]
[WhiteTeamCountry "DEN"]
[BlackTeamCountry "DEN"]

1. d4 f5 2. Bf4 d6 3. e3 Nf6 4. Nf3 g6 5. Bc4 e6 6. Nbd2 a6 7. a4 Bg7 8. h3 Nc6 9. c3 Na5 10. Ba2 Bd7 11. b4 Nc6 12. 0-0 Ne7 13. Qb3 0-0 14. Rfe1 Kh8 15. Rad1 Ned5 16. Ng5 h6 17. Ngf3 Nxf4 18. exf4 Nd5 19. g3 Qf6 20. Nc4 Rae8 21. Qc2 b6 22. Ne3 c6 23. Nxd5 exd5 24. Re3 Re4 25. Rde1 Rfe8 26. Nd2 R4e7 27. Bb3 Be6 28. Qa2 Bf7 29. Nf3 1/2-1/2

[Event "Hillerod CC-ch C"]
[Site "Hillerod"]
[Date "2019.02.25"]
[Round "4"]
[White "Jahic, Afan"]
[Black "Langer, Peter"]
[Result "0-1"]
[WhiteElo "1405"]
[BlackElo "1602"]
[PlyCount "122"]
[EventDate "2019.01.08"]
[EventType "tourn"]
[EventRounds "7"]
[EventCountry "DEN"]
[SourceTitle "EXT 2024"]
[Source "ChessBase"]
[SourceDate "2023.10.10"]
[SourceVersion "1"]
[SourceVersionDate "2023.10.10"]
[SourceQuality "1"]

1. e4 c5 2. Nf3 d6 3. d4 cxd4 4. Nxd4 Nf6 5. Nc3 a6 6. Be3 e5 7. Nb3 Be6 8. Be2 Be7 9. f3 b5 10. Qd2 0-0 11. Nd5 Nxd5 12. exd5 Bf5 13. 0-0-0 Nd7 14. g4 Bg6 15. Rdf1 Rc8 16. Bd3 Nb6 17. Bxg6 fxg6 18. Na5 Nc4 19. Nxc4 bxc4 20. c3 Qa5 21. Kb1 Rb8 22. h4 Rb7 23. Bg5 Bf6 24. Bxf6 gxf6 25. Rh2 Rfb8 26. Qe3 Qxd5 27. f4 Qd3+ 28. Qxd3 cxd3 29. fxe5 fxe5 30. Kc1 e4 31. Rf4 e3 32. b4 a5 33. Re4 Rc7 34. Rxe3 Rxc3+ 35. Kd1 Rxb4 36. Rhh3 Rxg4 37. Rxd3 Rxd3+ 38. Rxd3 Rxh4 39. Rxd6 a4 40. Kc2 Rh2+ 41. Kb1 Kf7 42. Ra6 Rh4 43. Ra7+ Kf6 44. Ra6+ Kf5 45. Ra5+ Kf6 46. Ra6+ Kg7 47. Kb2 h5 48. Kc2 Rf4 49. Ra7+ Kh6 50. Rc7 h4 51. Rc3 g5 52. Rh3 Kh5 53. Kd2 g4 54. Re3 g3 55. Re8 Kg4 56. Ke3 Rf3+ 57. Ke4 Rf1 58. Rg8+ Kh3 59. Rc8 Kg2 60. Rc2+ Rf2 61. Rc3 h3 0-1

[Event "Hillerod CC-ch C"]
[Site "Hillerod"]
[Date "2019.01.20"]
[Round "1"]
[White "Eldor, Finn"]
[Black "Langer, Peter"]
[Result "0-1"]
[WhiteElo "1342"]
[BlackElo "1602"]
[PlyCount "90"]
[EventDate "2019.01.08"]
[EventType "tourn"]
[EventRounds "7"]
[EventCountry "DEN"]
[SourceTitle "EXT 2024"]
[Source "ChessBase"]
[SourceDate "2023.10.10"]
[SourceVersion "1"]
[SourceVersionDate "2023.10.10"]
[SourceQuality "1"]

1. d4 Nf6 2. Bf4 e6 3. Nf3 c5 4. c3 Qb6 5. b3 Be7 6. Nbd2 d5 7. e3 Nc6 8. Be2 0-0 9. 0-0 h6 10. h3 cxd4 11. cxd4 Bd7 12. Ne5 Nxe5 13. Bxe5 Rac8 14. Nf3 Ne4 15. Bd3 Nc3 16. Qd2 Bb4 17. a3 Be7 18. b4 Ne4 19. Qb2 Ba4 20. Rac1 Bb5 21. Bxb5 Qxb5 22. Nd2 f5 23. f3 Nd6 24. Rc2 Qd3 25. Rfc1 Qxe3+ 26. Kh1 Rxc2 27. Qxc2 Nb5 28. a4 Nxd4 29. Bxd4 Qxd4 30. b5 Bd6 31. Nb3 Qf4 32. Kg1 Qxa4 33. Ra1 Qxb5 34. Nd4 Qb6 35. Qd3 e5 36. Rb1 Qxd4+ 37. Qxd4 exd4 38. Rxb7 Rc8 39. Kf1 Bg3 40. Ke2 Rc3 41. Rd7 Re3+ 42. Kd1 a5 43. Rxd5 d3 44. Kd2 f4 45. Rxa5 Be1+ 0-1

[Event "Skjold Burne Hillerod op"]
[Site "Hillerod"]
[Date "2018.10.16"]
[Round "6"]
[White "Kuhn, Morten"]
[Black "Langer, Peter"]
[Result "1-0"]
[WhiteElo "1797"]
[BlackElo "1545"]
[PlyCount "63"]
[EventDate "2018.09.25"]
[EventType "swiss"]
[EventRounds "7"]
[EventCountry "DEN"]
[SourceTitle "EXT 2020"]
[Source "ChessBase"]
[SourceDate "2019.10.17"]
[SourceVersion "1"]
[SourceVersionDate "2019.10.17"]
[SourceQuality "1"]

1. e4 c5 2. Nf3 d6 3. d4 cxd4 4. Nxd4 Nf6 5. Nc3 a6 6. Be3 e6 7. Be2 b5 8. a3 Bb7 9. f3 Be7 10. Qd2 Nbd7 11. g4 h6 12. h4 Ne5 13. 0-0-0 Nc4 14. Bxc4 bxc4 15. g5 Ng8 16. g6 Bxh4 17. Rhg1 Qf6 18. gxf7+ Qxf7 19. Qh2 Be7 20. Qh3 Bc8 21. Qg3 g5 22. Nc6 e5 23. Nxe7 Qxe7 24. Nd5 Qb7 25. Nb6 c3 26. Rxd6 cxb2+ 27. Kb1 Qe7 28. Bc5 Rb8 29. Rd5 Qf6 30. Rxe5+ Kf7 31. Nxc8 Kg6 32. Rf5 1-0

[Event "DEN-ch Kort 1-2"]
[Site "Svendborg"]
[Date "2018.03.26"]
[Round "4"]
[White "Hansen, Mikkel Strandby"]
[Black "Langer, Peter"]
[Result "1/2-1/2"]
[WhiteElo "1453"]
[BlackElo "1531"]
[PlyCount "44"]
[EventDate "2018.03.24"]
[EventType "swiss"]
[EventRounds "5"]
[EventCountry "DEN"]
[SourceTitle "EXT 2023"]
[Source "ChessBase"]
[SourceDate "2022.10.05"]
[SourceVersion "1"]
[SourceVersionDate "2022.10.05"]
[SourceQuality "1"]

1. d4 Nf6 2. Nf3 e6 3. Bf4 d5 4. e3 Bd6 5. Bg3 Nbd7 6. Bd3 0-0 7. 0-0 Bxg3 8. hxg3 c5 9. Nbd2 Qb6 10. b3 Re8 11. c3 e5 12. Be2 e4 13. Ne1 Nf8 14. Nc2 Bd7 15. c4 Rac8 16. cxd5 Nxd5 17. Nc4 Qe6 18. Qd2 b5 19. N4a3 Qb6 20. Rac1 Red8 21. dxc5 Qxc5 22. Qd4 Qxd4 1/2-1/2

[Event "Hillerod CC-ch C"]
[Site "Hillerod"]
[Date "2018.01.28"]
[Round "2"]
[White "Christoffersen, Micki Aron"]
[Black "Langer, Peter"]
[Result "1/2-1/2"]
[WhiteElo "1417"]
[BlackElo "1531"]
[PlyCount "50"]
[EventDate "2018.01.15"]
[EventType "swiss"]
[EventRounds "7"]
[EventCountry "DEN"]
[SourceTitle "EXT 2024"]
[Source "ChessBase"]
[SourceDate "2023.10.10"]
[SourceVersion "1"]
[SourceVersionDate "2023.10.10"]
[SourceQuality "1"]

1. c4 e5 2. Nc3 Nf6 3. e4 Bc5 4. Nf3 d6 5. Be2 a6 6. 0-0 0-0 7. d4 exd4 8. Nxd4 Re8 9. Bf3 Nbd7 10. Bf4 Ne5 11. Bxe5 dxe5 12. Nb3 Bd6 13. Nd5 c6 14. Nxf6+ Qxf6 15. Qc2 Be6 16. Rfd1 Rad8 17. Na5 Qe7 18. Rd3 Qc7 19. Nb3 c5 20. Nc1 h6 21. g3 f5 22. Rb3 Qf7 23. exf5 Bxf5 24. Qe2 e4 25. Bg2 Kh8 1/2-1/2

[Event "Hillerod CC 1617 B"]
[Site "Hillerod"]
[Date "2017.04.04"]
[Round "9"]
[White "Langer, Peter"]
[Black "Christophersen, David"]
[Result "1/2-1/2"]
[WhiteElo "1563"]
[BlackElo "1794"]
[PlyCount "77"]
[EventDate "2016.12.13"]
[EventType "tourn"]
[EventRounds "9"]
[EventCountry "DEN"]
[SourceTitle "EXT 2023"]
[Source "ChessBase"]
[SourceDate "2022.10.05"]
[SourceVersion "1"]
[SourceVersionDate "2022.10.05"]
[SourceQuality "1"]

1. d4 d5 2. Bf4 Nf6 3. e3 e6 4. Nf3 c5 5. c3 Nc6 6. Nbd2 Be7 7. Be2 0-0 8. h3 Nd7 9. 0-0 f6 10. dxc5 e5 11. Bg3 Nxc5 12. b4 Ne6 13. Qb3 Kh8 14. Rfd1 d4 15. Ne4 f5 16. Nc5 Bxc5 17. bxc5 Nxc5 18. Qc4 Qe7 19. cxd4 exd4 20. Nxd4 Nxd4 21. Qxd4 Ne6 22. Qe5 Bd7 23. Bf3 Rae8 24. Rab1 b6 25. Bh5 Rc8 26. Bf3 Rc5 27. Qd6 Qxd6 28. Bxd6 Rfc8 29. Bxc5 Nxc5 30. Rbc1 Be6 31. Bd5 Bd7 32. Kf1 g6 33. Bf3 Bb5+ 34. Be2 Bc6 35. Rd6 Ba4 36. Bd1 Bb5+ 37. Kg1 Kg7 38. Bb3 Rc7 39. Rcd1 1/2-1/2

[Event "Hillerod CC 1617 B"]
[Site "Hillerod"]
[Date "2017.04.04"]
[Round "8"]
[White "Nygaard, Soren"]
[Black "Langer, Peter"]
[Result "1/2-1/2"]
[WhiteElo "1754"]
[BlackElo "1563"]
[PlyCount "82"]
[EventDate "2016.12.13"]
[EventType "tourn"]
[EventRounds "9"]
[EventCountry "DEN"]
[SourceTitle "EXT 2023"]
[Source "ChessBase"]
[SourceDate "2022.10.05"]
[SourceVersion "1"]
[SourceVersionDate "2022.10.05"]
[SourceQuality "1"]

1. d4 Nf6 2. c4 e6 3. Nc3 Bb4 4. e3 b6 5. Nge2 Bb7 6. a3 Bxc3+ 7. Nxc3 0-0 8. b4 d6 9. f3 Re8 10. Bd3 c5 11. 0-0 a6 12. Bb2 cxd4 13. exd4 Nbd7 14. Ne2 Rc8 15. Ng3 d5 16. c5 bxc5 17. bxc5 e5 18. Nf5 Re6 19. Nd6 Rb8 20. Bf5 Re7 21. Nxb7 Rxb7 22. Qd2 Rc7 23. Bc3 Rc6 24. Ba5 Qe8 25. Bb4 g6 26. Bc2 exd4 27. Rae1 Rxe1 28. Rxe1 Qc8 29. Ba4 Re6 30. Rxe6 fxe6 31. Bxd7 Nxd7 32. Qxd4 Qc6 33. f4 Qa4 34. Bc3 Qxd4+ 35. Bxd4 Nb8 36. Kf2 Kf7 37. Ke3 Nc6 38. g4 h6 39. h4 Ne7 40. Kd3 Nc6 41. Be5 h5 1/2-1/2

[Event "Hillerod CC 1617 B"]
[Site "Hillerod"]
[Date "2017.03.07"]
[Round "7"]
[White "Langer, Peter"]
[Black "Jahic, Afan"]
[Result "1-0"]
[WhiteElo "1563"]
[BlackElo "1375"]
[PlyCount "91"]
[EventDate "2016.12.13"]
[EventType "tourn"]
[EventRounds "9"]
[EventCountry "DEN"]
[SourceTitle "EXT 2023"]
[Source "ChessBase"]
[SourceDate "2022.10.05"]
[SourceVersion "1"]
[SourceVersionDate "2022.10.05"]
[SourceQuality "1"]

1. d4 Nf6 2. Bf4 e6 3. e3 c5 4. c3 Nc6 5. Be2 cxd4 6. exd4 b6 7. Nf3 Bb7 8. 0-0 g6 9. Nbd2 Bg7 10. Bd6 Ne7 11. Nc4 0-0 12. Re1 Re8 13. a4 Nf5 14. Nfe5 Rc8 15. Bd3 Ba6 16. Nxf7 Kxf7 17. Ne5+ Kg8 18. Bxa6 Nxd6 19. Bxc8 Qxc8 20. Qb3 Qb7 21. f3 Nf5 22. Rad1 Bh6 23. c4 Be3+ 24. Rxe3 Nxe3 25. Qxe3 d6 26. Nd3 e5 27. Qg5 Kg7 28. dxe5 dxe5 29. Nxe5 Qc7 30. Re1 Nd7 31. f4 Qc5+ 32. Kf1 Nxe5 33. b3 Qd4 34. Rxe5 Qd3+ 35. Kf2 Qd4+ 36. Kg3 Qc3+ 37. Kh4 Rf8 38. Re7+ Rf7 39. Rxf7+ Kxf7 40. Qg3 Qf6+ 41. Qg5 Qc3 42. Qd5+ Kf8 43. Qa8+ Kg7 44. Qxa7+ Kh6 45. Qe7 Qxb3 46. Qf8# 1-0

[Event "Hillerod CC 1617 B"]
[Site "Hillerod"]
[Date "2017.01.24"]
[Round "4"]
[White "Rasmussen, Ole H"]
[Black "Langer, Peter"]
[Result "1-0"]
[WhiteElo "1628"]
[BlackElo "1563"]
[PlyCount "88"]
[EventDate "2016.12.13"]
[EventType "tourn"]
[EventRounds "9"]
[EventCountry "DEN"]
[SourceTitle "EXT 2023"]
[Source "ChessBase"]
[SourceDate "2022.10.05"]
[SourceVersion "1"]
[SourceVersionDate "2022.10.05"]
[SourceQuality "1"]

1. e4 b6 2. d4 Bb7 3. Nc3 e6 4. Bd3 Nf6 5. Nf3 c5 6. dxc5 Bxc5 7. Bg5 h6 8. Bh4 Be7 9. Bg3 d6 10. Qd2 Nbd7 11. 0-0 0-0 12. Rfe1 Nc5 13. Rad1 a6 14. Qe2 Nh5 15. a3 Nxg3 16. hxg3 Qc7 17. Bc4 b5 18. Ba2 Rac8 19. Nd4 Rfe8 20. Qg4 Bf6 21. Kh2 Bxd4 22. Rxd4 Nd7 23. Qd1 d5 24. exd5 e5 25. d6 Qd8 26. Rh4 Qf6 27. Ne4 Bxe4 28. Rhxe4 Rc6 29. Rd4 Rf8 30. Rd2 Rd8 31. Bd5 Rcc8 32. Bb7 Rc5 33. b4 Rc3 34. Bxa6 Ra8 35. Bxb5 Qf5 36. Bxd7 Qxd7 37. Rxe5 Rcxa3 38. Re7 Qd8 39. Qh5 Qf8 40. Qe5 Rd8 41. d7 Raa8 42. Re2 f6 43. Qe6+ Kh7 44. Re8 Rxe8 1-0

[Event "Hillerod CC 1617 B"]
[Site "Hillerod"]
[Date "2017.01.10"]
[Round "3"]
[White "Langer, Peter"]
[Black "Pedersen, Jan"]
[Result "1/2-1/2"]
[WhiteElo "1563"]
[BlackElo "1528"]
[PlyCount "62"]
[EventDate "2016.12.13"]
[EventType "tourn"]
[EventRounds "9"]
[EventCountry "DEN"]
[SourceTitle "EXT 2023"]
[Source "ChessBase"]
[SourceDate "2022.10.05"]
[SourceVersion "1"]
[SourceVersionDate "2022.10.05"]
[SourceQuality "1"]

1. d4 d5 2. Bf4 Bg4 3. h3 Bh5 4. Nf3 e6 5. Nbd2 Nf6 6. c3 Bd6 7. Qa4+ Nbd7 8. e3 0-0 9. Bd3 Bxf4 10. exf4 Bg6 11. Bxg6 fxg6 12. g3 Nb6 13. Qb3 h6 14. 0-0 Qd7 15. Ne5 Qe8 16. Qc2 g5 17. Ng6 gxf4 18. Nxf4 Nh5 19. Ng6 Rf6 20. Ne5 Nd7 21. Ndf3 Nxe5 22. Nxe5 Rf8 23. Rae1 Nf6 24. Qe2 Ne4 25. Kg2 Rf5 26. f3 Ng5 27. g4 Rf6 28. h4 Nf7 29. f4 Nxe5 30. dxe5 Rf7 31. Qd3 Qa4 1/2-1/2